Statistics for Song Title to Artist Click Quiz - Grunge

Click here to take the quiz!

General Stats

  • This quiz has been taken 89 times
  • The average score is 10 of 20

Answer Stats

HintAnswer% Correct
Come as You AreNirvana
100%
Black Hole SunSoundgarden
90%
JeremyPearl Jam
84%
Man in the BoxAlice in Chains
80%
Bullet with Butterfly WingsSmashing Pumpkins
75%
Celebrity SkinHole
67%
Interstate Love SongStone Temple Pliots
67%
GlycerineBush
51%
Hunger StrikeTemple of the Dog
48%
River of DeceitMad Season
41%
Touch Me I'm SickMudhoney
41%
TommorowSilverchair
39%
Pretend We're DeadL7
38%
Nearly Lost YouScreaming Trees
36%
Far BehindCandlebox
31%
Crown of ThornsMother Love Bone
28%
Another Space SongFailure
26%
Swallow My PrideGreen River
26%
Youngest DaughterSuperheaven
26%
Leafy InclineTad
20%

Score Distribution

Percentile by Number Answered

Percent of People with Each Score

Your Score History

You have not taken this quiz